|
|
|
|
| LEADER |
00000naa2a2200000 4500 |
| 001 |
235020 |
| 005 |
20260213093438.0 |
| 035 |
|
|
|a (RuTPU)RU\TPU\book\256149
|
| 035 |
|
|
|a RU\TPU\book\256148
|
| 090 |
|
|
|a 235020
|
| 100 |
|
|
|a 20130403d2011 k y0rusy50 ca
|
| 101 |
0 |
|
|a rus
|
| 102 |
|
|
|a RU
|
| 135 |
|
|
|a drnn ---uucaa
|
| 181 |
|
0 |
|a i
|
| 182 |
|
0 |
|a b
|
| 200 |
1 |
|
|a Производительность и энергоемкость послойного лазерного синтеза армированных объемных изделий
|f В. М. Орешков, А. В. Опарин, А. В. Вальтер
|g науч. рук. А. В. Вальтер
|
| 203 |
|
|
|a Текст
|c электронный
|
| 225 |
1 |
|
|a Технология, оборудование и автоматизация машиностроительных производств
|
| 300 |
|
|
|a Заглавие с титульного экрана
|
| 320 |
|
|
|a [Библиогр.: с. 340 (3 назв.)]
|
| 337 |
|
|
|a Adobe Reader
|
| 461 |
|
1 |
|0 (RuTPU)RU\TPU\book\255301
|t Современные техника и технологии
|o сборник трудов XVII международной научно-практической конференции студентов, аспирантов и молодых ученых, Томск, 18-22 апреля 2011 г
|o в 3 т.
|f Национальный исследовательский Томский политехнический университет (ТПУ)
|d 2011
|
| 463 |
|
1 |
|0 (RuTPU)RU\TPU\book\255306
|t Т. 1
|v [С. 338-340]
|d 2011
|
| 610 |
1 |
|
|a труды учёных ТПУ
|
| 610 |
1 |
|
|a электронный ресурс
|
| 610 |
1 |
|
|a производительность
|
| 610 |
1 |
|
|a энергоемкость
|
| 610 |
1 |
|
|a лазерный синтез
|
| 610 |
1 |
|
|a армированные изделия
|
| 610 |
1 |
|
|a объемные изделия
|
| 700 |
|
1 |
|a Орешков
|b В. М.
|
| 701 |
|
1 |
|a Опарин
|b А. В.
|
| 701 |
|
1 |
|a Вальтер
|b А. В.
|c российский учёный в области технологии машиностроения
|c старший преподаватель Юргинского технологического института (филиал) Томского политехнического университета
|g Александр Викторович
|3 (RuTPU)RU\TPU\pers\24229
|
| 702 |
|
1 |
|a Вальтер
|b А. В.
|c российский учёный в области технологии машиностроения
|c старший преподаватель Юргинского технологического института (филиал) Томского политехнического университета
|g Александр Викторович
|4 727
|
| 801 |
|
2 |
|a RU
|b 63413507
|c 20160124
|g RCR
|
| 856 |
4 |
|
|u http://www.lib.tpu.ru/fulltext/c/2011/C01/V01/167.pdf
|
| 942 |
|
|
|c CF
|